| 000 | 00548nam a22001577a 4500 | ||
|---|---|---|---|
| 003 | macl | ||
| 005 | 20221214160328.0 | ||
| 008 | 221214b |||||||| |||| 00| 0 eng d | ||
| 040 | _cmacl | ||
| 082 | _a741642 | ||
| 100 |
_aसिंह ,राजबहादुर _969606 |
||
| 245 | _aपुराणों की कहानियाॅॅ | ||
| 260 |
_aदिल्ली _bट्रांस ग्लोबल पब्लिशिंग कं. _c2022 |
||
| 650 |
_aचिल्ड्रन बुक _9159 |
||
| 942 |
_2ddc _cHIN |
||
| 999 |
_c65763 _d65763 |
||